Geography of international trade
As old as civilization itself, international trade is fundamentally important to the economic well-being of nations and their regions. As with any other economic activity, international trade has a geography. Despite this geographic nature of international trade, it is a relatively unexplored topic...
保存先:
| 第一著者: | |
|---|---|
| フォーマット: | 図書 |
| 言語: | Undetermined |
| 出版事項: |
Englewood Cliffs, N.J
Prentice-Hall
1967
|
| 主題: | |
| タグ: |
タグ追加
タグなし, このレコードへの初めてのタグを付けませんか!
|
| Thư viện lưu trữ: | Trung tâm Học liệu Trường Đại học Cần Thơ |
|---|
| LEADER | 01083nam a2200193Ia 4500 | ||
|---|---|---|---|
| 001 | CTU_217856 | ||
| 008 | 210402s9999 xx 000 0 und d | ||
| 082 | |a 382.09 | ||
| 082 | |b T453 | ||
| 100 | |a Thoman, Richard S. | ||
| 245 | 0 | |a Geography of international trade | |
| 245 | 0 | |c Richard S. Thoman, Edgar C. Conkling | |
| 260 | |a Englewood Cliffs, N.J | ||
| 260 | |b Prentice-Hall | ||
| 260 | |c 1967 | ||
| 520 | |a As old as civilization itself, international trade is fundamentally important to the economic well-being of nations and their regions. As with any other economic activity, international trade has a geography. Despite this geographic nature of international trade, it is a relatively unexplored topic by economic geographers. This is not to say that economic geographers do not investigate international economic activity, only that they do not study the more general processes of international trade. | ||
| 650 | |a International economic relations,Quan hệ kinh tế quốc tế | ||
| 904 | |i Qhieu | ||
| 980 | |a Trung tâm Học liệu Trường Đại học Cần Thơ | ||